000
00202nam a2200085Ia 4500
008
120527s9999 xx 000 0 und d
100
_a
Wolopich & Moore
245
_a
Biology:Laboratory manual
942
_c
BK
999
_c
27286
_d
27286